Buteurs du LOSC en LDC - Statistiques

Statistiques générales
  • Ce quiz a été pris 32 fois
  • Le résultat moyen est 10 sur 39
Statistiques - réponses
Buts Réponse % Correct
10+2 David
96%
1 Cabella
58%
3 Yilmaz
58%
1+3 Zhegrova
58%
2 Ikone
54%
3 Sow
46%
2 Osimhen
42%
1 Bakker
38%
2 Gomes
38%
2 Haraldsson
38%
2 Mukau
38%
2 Sahraoui
38%
1+1 De melo
35%
1 Remy
27%
1 Acimovic
23%
1 Keita
23%
2 Odemwingie
23%
0+1 Balmont
19%
3 Cheyrou
19%
1 Kalou
19%
1 Bakari
15%
0+1 Digne
15%
1 Pedretti
15%
0+1 Santos
15%
0+1 Bastos
12%
1 Bruno
12%
0+1 Ecker
12%
1 Tafforeau
12%
1+1 Bassir
8%
1 Chedjou
8%
2+1 Fauvergue
8%
1 Gygax
8%
1 Makoun
8%
0+1 Mendes
8%
1 Robail
8%
1 Sidibe
8%
0+1 Audel
4%
0+1 Corchia
4%
1 Olufade
4%
Aucun quiz correspondant
Distribution des résultats
% des personnes avec chaque résultat
Percentile par nombre de réponses
Votre historique - résultats
Vous n’avez pas pris ce quiz